000 01139cam a2200325 i 4500
001 4130550
003 ARRUPE
005 20161026110917.0
008 760904s1975 ru b 000 0 eng
010 _a 76373343
015 _aUSSR***
040 _aDLC
_cDLC
_dDLC
041 1 _aengrus
043 _ae-uru--
050 0 0 _aHX523.C85
082 0 0 _a947.085
100 _aIovchuk, M. T.
_926912
245 0 4 _aThe Cultural life of the Soviet worker :
_ba sociological study /
_cedited by M. T. Iovchuk and L. N. Kogan ; [translated from the Russian by John and Kristine Bushnell].
260 _aMoscow;
_bProgress,
_c1975.
300 _a207 p.;
_c21 cm.
504 _aIncludes bibliographical references.
650 0 _aCommunism and culture.
_926913
650 0 _aLabor and laboring classes
_xEducation
_zUral Mountains Region.
_926914
700 1 _aIovchuk, M. T.
_q(Mikhail Trifonovich),
_d1908-
_926915
700 1 _aKogan, L. N.
_q(Lev Naumovich)
_926916
700 1 _aBushnell, John
_etr.
_927002
700 1 _aBushnell, Kristine
_etr.
_927003
906 _a7
_bcbc
_corignew
_d3
_encip
_f19
_gy-gencatlg
942 _2lcc
_cMONOGRAPH
999 _c125557
_d125557